LEADER 02138nam 22006253a 450 001 9910160760903321 005 20250203235528.0 010 $a9788860461292 010 $a8860461294 035 $a(CKB)3710000001032393 035 $a(OAPEN)639814 035 $a(oapen)https://directory.doabooks.org/handle/20.500.12854/28058 035 $a(ScCtBLL)e55dcac9-ad8f-49b4-8ead-2730ec90e65d 035 $a(OCoLC)982243293 035 $a(oapen)doab28058 035 $a(EXLCZ)993710000001032393 100 $a20250203i20162020 uu 101 0 $aita 135 $auuuuu---auuuu 181 $ctxt$2rdacontent 182 $cc$2rdamedia 183 $acr$2rdacarrier 200 00$aItaliano con l'immaginario$fSandra Montali 210 $aBozen-Bolzano$cbu,press$d2016 210 1$aBozen-Bolzano :$cbu,press,$d2016. 215 $a1 online resource (150) 311 08$a9788860460943 311 08$a8860460948 330 $aItaliano con l'immaginario introduces a humanistic approach of language teaching little known in Italy, deriving from the French teaching tradition. Simulation globale is a language teaching course which, instead of offering many detached activities and using a standard manual, follows a path on which all elements are connected by a narrative thread. Thus, the oral and written production of a large number of texts takes place within a very motivating context. 606 $aLanguage$2bicssc 610 $adidactics 610 $asprache 610 $adidaktik 610 $aitalienisch 610 $afremdsprachenunterricht 610 $ainstruction 610 $aunterricht 610 $aeducation 610 $alanguage 610 $ahandlungsablauf 610 $ainsegnamento 610 $acanovaccio 610 $akanevas 610 $adidattica 610 $aforeign language acquisition 610 $alingua 610 $asimulation globale 615 7$aLanguage 700 $aMontali$b Sandra$0930054 801 0$bScCtBLL 801 1$bScCtBLL 906 $aBOOK 912 $a9910160760903321 996 $aItaliano con l'immaginario$92091672 997 $aUNINA